Central Library OPAC University of Rajshahi

Plant cell and tissue culture : (Record no. 20545)

MARC details
000 -LEADER
fixed length control field 00916cam a2200265 a 4500
001 - CONTROL NUMBER
control field 20545
003 - CONTROL NUMBER IDENTIFIER
rucl marc code BD-RjUL
005 - DATE AND TIME OF LATEST TRANSACTION
control field 20211209000559.0
008 - FIXED-LENGTH DATA ELEMENTS--GENERAL INFORMATION
fixed length control field 140301r19971977gw a b 001 0 eng
020 ## - INTERNATIONAL STANDARD BOOK NUMBER
International Standard Book Number 0387113169 (U.S.)
035 ## - SYSTEM CONTROL NUMBER
System control number (BD-RjUL)20607
040 ## - CATALOGING SOURCE
Original cataloging agency DLC
Transcribing agency DLC
Modifying agency DLC
-- BD-RjUL
Language of cataloging eng
041 ## - LANGUAGE CODE
Language code of text/sound track or separate title eng
082 00 - DEWEY DECIMAL CLASSIFICATION NUMBER
Classification number 581.0724
Edition number 19
Author mark and year PLA
245 10 - TITLE STATEMENT
Title Plant cell and tissue culture :
Remainder of title a laboratory manual /
Statement of responsibility, etc. J. Reinert, M.M. Yeoman ; layout illustrations by P. Macdonald.
260 ## - PUBLICATION, DISTRIBUTION, ETC. (IMPRINT)
Place of publication, distribution, etc. Berlin ;
-- New York :
Name of publisher, distributor, etc. Springer-Verlag,
Date of publication, distribution, etc. 1977 [reprinted 1997]
300 ## - PHYSICAL DESCRIPTION
Pagination 803 p. :
Illustrations ill. ;
Size 28 cm.
504 ## - BIBLIOGRAPHY, ETC. NOTE
Bibliography, etc Includes Bibliography: p. 67 and index.
650 #0 - SUBJECT ADDED ENTRY--TOPICAL TERM
Topical term or geographic name as entry element Plant cell culture
General subdivision Laboratory manuals.
9 (RLIN) 63399
Topical term or geographic name as entry element Plant tissue culture
General subdivision Laboratory manuals.
9 (RLIN) 63400
700 1# - ADDED ENTRY--PERSONAL NAME
Personal name Yeoman, M. M.
Fuller form of name (Michael Magson)
942 ## - ADDED ENTRY ELEMENTS (KOHA)
Source of classification or shelving scheme Dewey Decimal Classification
Koha item type Books
Holdings
Lost status Source of classification or shelving scheme Damaged status Not for loan Collection code Permanent Location Current Location Shelving location Date acquired Source of acquisition Cost, normal purchase price Total Checkouts Full call number Date last seen Copy number Koha item type
  Dewey Decimal Classification     Non-fiction Central Library, University of Rajshahi Central Library, University of Rajshahi   08/07/1979 Syntex 55.00   581.0724 PLA 1997 01/03/2014 C-3 Books